000 00989nam a22002057a 4500
005 20180906123111.0
010 _a17-18HN-4.8.17 B-702479-505
020 _a97893855930408
_c595.00
020 _a9788190466905
_c595.00
035 _aB-702479-505
037 _bप्रत्यक्ष इंटरप्राइजेज़
082 _a
100 _aप्रेमचन्द
245 _aयह मेरी मातृभूमि है /
_cप्रेमचन्द
260 _aदिल्ली
_bप्रत्यक्ष इंटरप्राइजेज़
_c2018
270 _aई-11/5, कृष्णनगर
_bदिल्ली
_e110051
300 _a200पृ.
_c22सेमी(सजिल्द )
942 _2ddc
_cHN
_mप्रेमच
_h
999 _c145909
_d145909